| 000 | 00418nam a2200169Ia 4500 | ||
|---|---|---|---|
| 008 | 121015t1991 xxu||||| |||| 00| 0 sin d | ||
| 041 | _asin | ||
| 080 |
_ax 8 S 31 _bBOT |
||
| 100 | _aBotheju,Leteeshiya | ||
| 245 | _aපාර දිගේ | ||
| 246 | _aPara Dige | ||
| 260 |
_bM. D. Gunasena _aColombo _c1991 |
||
| 300 | _a269p., 18 cm | ||
| 942 | _cBK | ||
| 999 |
_c70720 _d70720 |
||
| 003 | LK-CoDNM | ||
| 040 |
_aLK-CoDNM _dLK-CoDNM _eLK-CoDNM |
||